<?xml version="1.0" encoding="UTF-8"?>
<record
    xmlns:xsi="http://www.w3.org/2001/XMLSchema-instance"
    xsi:schemaLocation="http://www.loc.gov/MARC21/slim http://www.loc.gov/standards/marcxml/schema/MARC21slim.xsd"
    xmlns="http://www.loc.gov/MARC21/slim">

  <leader>00819nam a2200169Ia 4500</leader>
  <datafield tag="952" ind1=" " ind2=" ">
    <subfield code="0">0</subfield>
    <subfield code="1">0</subfield>
    <subfield code="4">0</subfield>
    <subfield code="7">0</subfield>
    <subfield code="a">22</subfield>
    <subfield code="b">22</subfield>
    <subfield code="d">2009-09-28</subfield>
    <subfield code="l">8</subfield>
    <subfield code="o">TNA NC1764 O77 2009</subfield>
    <subfield code="p">11 008097</subfield>
    <subfield code="r">2015-11-13</subfield>
    <subfield code="s">2015-11-13</subfield>
    <subfield code="t">1</subfield>
    <subfield code="w">2012-06-26</subfield>
    <subfield code="y">LB</subfield>
  </datafield>
  <datafield tag="999" ind1=" " ind2=" ">
    <subfield code="c">72366</subfield>
    <subfield code="d">72366</subfield>
  </datafield>
  <controlfield tag="008">120626s2009    mx a          000 0 spa d</controlfield>
  <datafield tag="050" ind1=" " ind2=" ">
    <subfield code="a">TNA NC1764</subfield>
    <subfield code="b">O77 2009</subfield>
  </datafield>
  <datafield tag="100" ind1=" " ind2=" ">
    <subfield code="a">Ort&#xED;z Monte&#xF3;n, Eden Zayuri </subfield>
    <subfield code="e">sustentante </subfield>
  </datafield>
  <datafield tag="245" ind1=" " ind2=" ">
    <subfield code="a">Gu&#xED;a de ilustraciones infantiles y para adultos estilo Manga </subfield>
    <subfield code="c">/ tesina  para obtener el t&#xED;tulo de Licenciado en Dise&#xF1;o y Comunicaci&#xF3;n Visual, presenta Ed&#xE9;n Zayuri Ort&#xED;z Monte&#xF3;n; asesor Claudia Beatriz V&#xE1;zquez Barajas</subfield>
  </datafield>
  <datafield tag="260" ind1=" " ind2=" ">
    <subfield code="a">M&#xE9;xico </subfield>
    <subfield code="b">: s/ed. </subfield>
    <subfield code="c">; 2009 </subfield>
  </datafield>
  <datafield tag="300" ind1=" " ind2=" ">
    <subfield code="a">113 p&#xE1;ginas </subfield>
    <subfield code="b">: ilustraciones </subfield>
    <subfield code="e">+ CD </subfield>
  </datafield>
  <datafield tag="519" ind1=" " ind2=" ">
    <subfield code="a"> </subfield>
    <subfield code="d"> </subfield>
  </datafield>
  <datafield tag="700" ind1=" " ind2=" ">
    <subfield code="a">V&#xE1;zquez Barajas, Claudia Beatriz</subfield>
    <subfield code="e">asesor</subfield>
  </datafield>
  <datafield tag="710" ind1=" " ind2=" ">
    <subfield code="a">Universidad Nacional Aut&#xF3;noma de M&#xE9;xico </subfield>
    <subfield code="e">instituci&#xF3;n que otorga el t&#xED;tulo </subfield>
  </datafield>
  <datafield tag="710" ind1=" " ind2=" ">
    <subfield code="a">Universidad Insurgentes </subfield>
    <subfield code="d">Plantel Xola </subfield>
    <subfield code="e">entidad participante </subfield>
  </datafield>
  <datafield tag="942" ind1=" " ind2=" ">
    <subfield code="c">LB</subfield>
  </datafield>
</record>
